| 000 | 01220cam a22003495a 4500 | ||
|---|---|---|---|
| 003 | EG-ScBUE | ||
| 005 | 20220102103107.0 | ||
| 008 | 040112t2003 enk f b 001 f eng d | ||
| 020 | _a0192802372 | ||
| 020 | _a9780192802378 | ||
| 040 |
_aDLC _beng _erda _cDLC _dUk _dEG-ScBUE |
||
| 082 | 0 | 4 |
_a823.7 _bAUS _222 |
| 100 | 1 |
_aAusten, Jane, _d1775-1817, _eauthor. |
|
| 245 | 1 | 0 |
_aEmma / _cJane Austen ; edited by James Kinsley ; with an introduction and notes by Adela Pinch. |
| 250 | _aNew edition. | ||
| 264 | 1 |
_aOxford : _bOxford University Press, _c2003. |
|
| 300 |
_axli, 402 pages ; _c18 cm. |
||
| 336 |
_2rdacontent _atext _btxt |
||
| 337 |
_2rdamedia _aunmediated _bn |
||
| 338 |
_2rdacarrier _avolume _bnc |
||
| 490 | 0 | _aOxford world's classics | |
| 504 | _aIncludes bibliographical references and index. | ||
| 650 | 7 |
_aFathers and daughters _vFiction. _2BUEsh _92848 |
|
| 650 | 7 |
_aFemale friendship _vFiction. _2BUEsh _939115 |
|
| 650 | 7 |
_aYoung women _vFiction. _2BUEsh |
|
| 651 | 7 |
_aEngland _vFiction. _2BUEsh |
|
| 653 |
_bHHUUEENN _bGGEN _cApril2019 |
||
| 655 |
_vReading book _934232 |
||
| 700 | 1 |
_aKinsley, James, _eeditor. |
|
| 700 | 1 |
_aPinch, Adela, _d1960- _eauthor of introduction, etc. |
|
| 942 |
_2ddc _cBB |
||
| 999 |
_c27387 _d27358 |
||